Feladatok kémiából az alapiskolák 8. évfolyama számára

Bibliographic Details
Main Authors: Silný, Peter, 1948- (Author), Kuchárová, Dana (Author)
Format: Book
Language:Hungarian
Published: Dunaszerdahely Lilium Aurum 2008
ISBN:9788080623777
Edition:1. kiad.
Subjects:

MARC

LEADER 00000nam a2200000 a 4500
001 vtls009350208
003 SK-MaSNL
005 20260301081832.0
008 240313s2008 xo l c p 000 0 hun
015 |a SNBA2009/01-00012 
020 |a 9788080623777  |q (brož.) 
035 |a 7781C44F-191B-4802-971B-FDA2DF6FF380 
035 |a urn:nbn:sk:snk-amkre1 
035 |a urn:nbn:sk:snk-am005cys 
040 |a SNK  |b slo  |c SNK  |e AACR2 
041 0 |a hun 
044 |a xo  |c SK 
072 7 |a 54  |x Chémia. Mineralogické vedy  |2 konspekt 
080 |a 54  |2 2001 
080 |a (075.2)  |2 2001 
100 1 |a Silný, Peter,  |d 1948-  |4 aut  |9 110654 
245 1 0 |a Feladatok kémiából az alapiskolák 8. évfolyama számára  |c Peter Silný, Dana Kuchárová 
250 |a 1. kiad. 
260 |a Dunaszerdahely  |b Lilium Aurum  |c 2008 
650 0 7 |a chémia  |x úlohy  |2 SNKPH  |9 300281 
650 0 7 |a Chemistry  |x problems, exercises, etc.  |2 SNKPHeng  |9 405771 
655 7 |a učebnice základných škôl  |2 SNKPH  |9 70187 
655 7 |a Textbooks (elementary)  |2 SNKPHeng  |9 276977 
700 1 |a Kuchárová, Dana  |4 aut  |9 246126 
752 |a Slovensko  |d Dunajská Streda 
919 |a 978-80-8062-377-7 
958 |a HU 
958 |a NM 
968 |d 53+54 
999 |c 656972  |d 658902 
952 |a SNK  |b SNK  |y PREZ  |7 0  |p 17A0602352  |o snkSB 76839  |i snk2008/20196  |8 0  |0 0  |1 0  |4 0  |d 2008-10-20  |f 1  |l 0  |r 2025-04-25 00:00:00  |w 2026-02-23 
952 |a SNK  |b SNK  |y VYP  |7 0  |p 17A0602351  |o snkSB 76839 D1  |i snk2008/20198  |8 0  |0 0  |1 0  |4 0  |d 2008-10-20  |l 0  |r 2016-06-30 00:00:00  |w 2026-02-23